[Event "Landesklasse West 2013/2014"]
[Site "?"]
[Date "2014.01.12"]
[Round "5"]
[White "Licht, Ralph"]
[Black "Curea, Virgil"]
[Result "1-0"]
[WhiteElo "1638"]
[BlackElo "1497"]
[PlyCount "75"]
[EventDate "2014.??.??"]
[WhiteTeam "Schachverein Stützerbach"]
[BlackTeam "SC 51 Nordhausen"]

1. d4 c5 2. dxc5 Qa5+ 3. Nc3 e6 4. Bd2 Qxc5 5. e4 a6 6. Be3 Qc7 7. Na4 Qa5+ 8.
c3 b5 9. Nb6 Bb7 10. a3 b4 11. axb4 Qe5 12. f3 f5 13. Bd4 Qc7 14. exf5 e5 15.
Bf2 Nf6 16. Ne2 d5 17. Ng3 Bd6 18. Nxa8 Bxa8 19. Bxa6 O-O 20. Be2 Nbd7 21. O-O
e4 22. fxe4 dxe4 23. Qd4 Re8 24. Qc4+ Kf8 25. Qxc7 Bxc7 26. Bd4 e3 27. Ra7 Bb6
28. Bxb6 Nxb6 29. Rd1 Bd5 30. Rd4 Rc8 31. Nf1 Bc4 32. Bxc4 Nxc4 33. Rxc4 Rxc4
34. Nxe3 Rf4 35. g3 Rf3 36. Nc4 Rxf5 37. Ra5 Nd5 38. Nb6 1-0

[Event "Landesklasse West 2013/2014"]
[Site "?"]
[Date "2014.02.02"]
[Round "6"]
[White "Petiko, Nikolai"]
[Black "Essegern, Kurt"]
[Result "1/2-1/2"]
[WhiteElo "1967"]
[BlackElo "1963"]
[PlyCount "44"]
[EventDate "2014.??.??"]
[WhiteTeam "SV Breitenworbis"]
[BlackTeam "Randspringer Bad Salzungen"]

1. e4 c5 2. Nf3 Nc6 3. d4 cxd4 4. Nxd4 g6 5. c4 Bg7 6. Be3 Nf6 7. Nc3 Ng4 8.
Qxg4 Nxd4 9. Qd1 Ne6 10. Rc1 Qa5 11. Be2 d6 12. a3 Bd7 13. O-O Bc6 14. f3 f5
15. exf5 Qxf5 16. Bd3 Qh5 17. b4 Be5 18. f4 Qxd1 19. Nxd1 Bd4 20. f5 gxf5 21.
Bxf5 Bxe3+ 22. Nxe3 Nd4 1/2-1/2

[Event "Landesklasse West 2013/2014"]
[Site "?"]
[Date "2014.02.02"]
[Round "6"]
[White "Bötticher, Heinz-Wilfried"]
[Black "Essegern, Uwe"]
[Result "1/2-1/2"]
[WhiteElo "1828"]
[BlackElo "1864"]
[PlyCount "23"]
[EventDate "2014.??.??"]
[WhiteTeam "SV Breitenworbis"]
[BlackTeam "Randspringer Bad Salzungen"]

1. d4 c5 2. d5 d6 3. c4 e5 4. e4 Nf6 5. Nc3 Nbd7 6. Be2 Be7 7. f4 exf4 8. Bxf4
Ne5 9. Nf3 Nfd7 10. O-O O-O 11. Qd2 Bf6 12. Rab1 1/2-1/2

[Event "Landesklasse West 2013/2014"]
[Site "?"]
[Date "2014.02.02"]
[Round "6"]
[White "Roth, Ralf"]
[Black "Hellrung, Bernhard"]
[Result "0-1"]
[WhiteElo "1867"]
[BlackElo "1841"]
[PlyCount "54"]
[EventDate "2014.??.??"]
[WhiteTeam "Randspringer Bad Salzungen"]
[BlackTeam "SV Breitenworbis"]

1. d4 Nf6 2. Nf3 g6 3. e3 Bg7 4. c3 d6 5. Bd3 c6 6. Qe2 Qc7 7. Nbd2 O-O 8. b3
e5 9. dxe5 dxe5 10. e4 Bg4 11. h3 Bxf3 12. Nxf3 Nh5 13. g3 Nd7 14. Bb2 Nc5 15.
Bc2 Rfd8 16. O-O Rd7 17. Rad1 Rad8 18. Kg2 Ne6 19. Rxd7 Rxd7 20. Rd1 Nef4+ 21.
gxf4 Nxf4+ 22. Kf1 Nxe2 23. Kxe2 Rxd1 24. Bxd1 f6 25. Bc2 Qd7 26. h4 h5 27. b4
Qg4 0-1

[Event "Landesklasse West 2013/2014"]
[Site "?"]
[Date "2014.02.02"]
[Round "6"]
[White "Leibeling, Lucian"]
[Black "Schulz, Tilo"]
[Result "1/2-1/2"]
[WhiteElo "1843"]
[BlackElo "1873"]
[PlyCount "29"]
[EventDate "2014.??.??"]
[WhiteTeam "SV Breitenworbis"]
[BlackTeam "Randspringer Bad Salzungen"]

1. c4 g6 2. Nc3 Bg7 3. d3 c5 4. g3 Nc6 5. Bg2 d6 6. e4 Nf6 7. Nge2 O-O 8. O-O
Bd7 9. h3 a6 10. Kh2 Rb8 11. b3 Ne8 12. Bb2 Nc7 13. Qd2 Ne6 14. f4 Ned4 15.
Nxd4 1/2-1/2

[Event "Landesklasse West 2013/2014"]
[Site "?"]
[Date "2014.02.02"]
[Round "6"]
[White "Feldmann, Bernd"]
[Black "Vergin, Marcel"]
[Result "1-0"]
[WhiteElo "1817"]
[BlackElo "1702"]
[PlyCount "71"]
[EventDate "2014.??.??"]
[WhiteTeam "Randspringer Bad Salzungen"]
[BlackTeam "SV Breitenworbis"]

1. d4 Nf6 2. c4 e6 3. Nc3 Bb4 4. Bg5 d6 5. Qa4+ Nc6 6. d5 Bd7 7. dxc6 Bxc3+ 8.
bxc3 Bxc6 9. Qd1 O-O 10. Qd4 e5 11. Qh4 Re8 12. Nf3 Re6 13. e3 Qe8 14. Bd3 h6
15. Bxf6 Rxf6 16. Be4 Rb8 17. O-O b6 18. Nd2 Bxe4 19. Qxe4 Rg6 20. f4 Re6 21.
f5 Rf6 22. Qg4 h5 23. Qg5 Rh6 24. Rf3 f6 25. Qh4 Rh8 26. Rg3 Kf8 27. Ne4 Qf7
28. Nf2 Ke7 29. Nd3 a5 30. Rg6 Rh7 31. Qe4 Kd7 32. Qd5 Qe7 33. Rb1 Rc8 34. c5
bxc5 35. Nxc5+ Ke8 36. Qg8+ 1-0

[Event "Landesklasse West 2013/2014"]
[Site "?"]
[Date "2014.02.02"]
[Round "6"]
[White "Biel, Peter"]
[Black "Mäurer, Michael"]
[Result "1-0"]
[WhiteElo "1614"]
[BlackElo "1592"]
[PlyCount "83"]
[EventDate "2014.??.??"]
[WhiteTeam "SV Breitenworbis"]
[BlackTeam "Randspringer Bad Salzungen"]

1. e4 c6 2. d4 d5 3. exd5 cxd5 4. c4 Nf6 5. Nc3 dxc4 6. Bxc4 e6 7. Nf3 Be7 8.
O-O O-O 9. Bg5 a6 10. a4 Re8 11. d5 exd5 12. Nxd5 Nxd5 13. Qxd5 Qxd5 14. Bxd5
Bd6 15. Rfd1 h6 16. Be3 Be5 17. Nxe5 Rxe5 18. Rac1 Nc6 19. Bxc6 bxc6 20. Rd8+
Kh7 21. Rxc6 Bb7 22. Rxa8 Rd5 23. h3 Bxc6 24. Rxa6 Rd6 25. Kh2 Rg6 26. f3 Re6
27. Bc5 g5 28. b4 Bd5 29. Rxe6 Bxe6 30. b5 Bc4 31. Kg3 Kg6 32. Kf2 Kf5 33. Ke3
Ke5 34. g4 f5 35. Bd4+ Ke6 36. Bg7 fxg4 37. hxg4 Kd5 38. Bxh6 Kc5 39. Bf8+ Kb6
40. Be7 Bb3 41. Bd8+ Kb7 42. a5 1-0

[Event "Landesklasse West 2013/2014"]
[Site "?"]
[Date "2014.02.02"]
[Round "6"]
[White "Wiefel, Erik"]
[Black "Eipel, Andreas"]
[Result "1/2-1/2"]
[WhiteElo "1761"]
[BlackElo "1684"]
[PlyCount "68"]
[EventDate "2014.??.??"]
[WhiteTeam "Randspringer Bad Salzungen"]
[BlackTeam "SV Breitenworbis"]

1. e4 e5 2. Nf3 Nc6 3. Bc4 Bc5 4. c3 d6 5. O-O Bg4 6. h3 Bh5 7. Re1 Qf6 8. g4
Bg6 9. d3 Qe7 10. b4 Bb6 11. a4 a6 12. Qe2 Qd7 13. Kg2 Nge7 14. Nbd2 f6 15. Nf1
d5 16. Bb3 d4 17. Bd2 dxc3 18. Bxc3 Nd4 19. Bxd4 Bxd4 20. Rac1 c6 21. Ne3 Rd8
22. Red1 Bf7 23. Bxf7+ Kxf7 24. Qa2+ Qe6 25. Qxe6+ Kxe6 26. Rc4 Bxe3 27. fxe3
Nc8 28. d4 Nb6 29. Rc2 Nxa4 30. Ra1 Nb6 31. Rc5 Rhe8 32. dxe5 Nd7 33. Nd4+ Ke7
34. Nf5+ Kf8 1/2-1/2

[Event "Landesklasse West 2013/2014"]
[Site "?"]
[Date "2014.02.02"]
[Round "6"]
[White "Minor, Viatcheslav"]
[Black "Anisheva, Varvara"]
[Result "1-0"]
[WhiteElo "1951"]
[BlackElo "2010"]
[PlyCount "103"]
[EventDate "2014.??.??"]
[WhiteTeam "SV Wartburgstadt Eisenach"]
[BlackTeam "SC 51 Nordhausen"]

1. d4 Nf6 2. c4 g6 3. Nc3 Bg7 4. e4 d6 5. h3 O-O 6. Be3 Nc6 7. Nf3 e5 8. d5 Ne7
9. g4 h5 10. gxh5 Nxh5 11. Qd2 a6 12. Be2 f5 13. exf5 Nxf5 14. Bg5 Qe8 15. Ne4
Nd4 16. Nxd4 exd4 17. f3 Bf5 18. Rg1 Bxe4 19. fxe4 Qxe4 20. O-O-O Rf2 21. Bd3
Qf3 22. Qe1 Nf4 23. Bxf4 Qxf4+ 24. Kb1 Qe3 25. Rxg6 Re8 26. Qg1 Re7 27. Qg4 Rf8
28. Bf5 Rxf5 29. Qxf5 Qe2 30. Qd3 Qxd3+ 31. Rxd3 Re1+ 32. Kc2 Kh7 33. Rg2 Be5
34. Rf3 b5 35. Rf7+ Kh6 36. Rxc7 bxc4 37. Rxc4 Re3 38. Ra4 Rxh3 39. Rxa6 d3+
40. Kd1 Bf4 41. Rg1 Rh2 42. Ra8 Be5 43. Rag8 Kh7 44. R8g2 Rh5 45. Rf1 Kh6 46.
a4 Bd4 47. a5 Bc5 48. a6 Rh3 49. Rf6+ Kh5 50. Rf8 Be3 51. Rh8+ Bh6 52. Rg1 1-0

[Event "Landesklasse West 2013/2014"]
[Site "?"]
[Date "2014.02.02"]
[Round "6"]
[White "Hüllenhagen, Andreas"]
[Black "Neef, Michael"]
[Result "0-1"]
[WhiteElo "1657"]
[BlackElo "1867"]
[PlyCount "84"]
[EventDate "2014.??.??"]
[WhiteTeam "SC 51 Nordhausen"]
[BlackTeam "SV Wartburgstadt Eisenach"]

1. d4 d5 2. Nf3 Nf6 3. e3 Bg4 4. c4 e6 5. Qb3 Qc8 6. Ne5 Bf5 7. Nc3 c6 8. Be2
Nbd7 9. f4 Be7 10. cxd5 exd5 11. O-O Ne4 12. g4 Nxc3 13. bxc3 Be4 14. Nxd7 Qxd7
15. c4 O-O 16. h3 b6 17. cxd5 Bxd5 18. Bc4 Bxc4 19. Qxc4 b5 20. Qb3 a5 21. Rd1
a4 22. Qd3 b4 23. e4 Rfd8 24. Be3 Qb7 25. Rab1 Ra5 26. Qc4 Rb8 27. Rdc1 Ra6 28.
Rd1 Qb5 29. Qxb5 Rxb5 30. Kf2 b3 31. axb3 axb3 32. Rd3 Ra2+ 33. Kf3 b2 34. Ke2
Ra1 35. Rdd1 Rxb1 36. Rxb1 Ba3 37. Bd2 Rb3 38. h4 g6 39. g5 Kf8 40. Kd1 Rd3 41.
Kc2 Rxd4 42. Re1 Rxd2+ 0-1

[Event "Landesklasse West 2013/2014"]
[Site "?"]
[Date "2014.02.02"]
[Round "6"]
[White "Schwarz, Hilmar"]
[Black "Viererbe, Hartmut"]
[Result "1/2-1/2"]
[WhiteElo "1775"]
[BlackElo "1626"]
[PlyCount "50"]
[EventDate "2014.??.??"]
[WhiteTeam "SV Wartburgstadt Eisenach"]
[BlackTeam "SC 51 Nordhausen"]

1. e4 c5 2. Nf3 Nf6 3. e5 Nd5 4. d4 cxd4 5. Nxd4 Nc6 6. Nb3 Nc7 7. f4 d6 8.
exd6 exd6 9. Be2 Be7 10. O-O O-O 11. c3 d5 12. Be3 Bf5 13. N1d2 Re8 14. Nf3 Bf6
15. Bf2 Ne6 16. g3 Be4 17. Nfd4 Nexd4 18. Nxd4 Bxd4 19. Bxd4 Qd6 20. Rf2 Rad8
21. Qd2 Qg6 22. Raf1 f5 23. Qd1 Qe6 24. Bh5 g6 25. Bf3 b6 1/2-1/2

[Event "Landesklasse West 2013/2014"]
[Site "?"]
[Date "2014.02.02"]
[Round "6"]
[White "Göbel, Klaus"]
[Black "Königsdörfer, Gerhard"]
[Result "0-1"]
[WhiteElo "1357"]
[BlackElo "1851"]
[PlyCount "92"]
[EventDate "2014.??.??"]
[WhiteTeam "SC 51 Nordhausen"]
[BlackTeam "SV Wartburgstadt Eisenach"]

1. d4 d5 2. f4 Nf6 3. Nf3 c5 4. e3 e6 5. c3 Nc6 6. Bd3 g6 7. O-O Bg7 8. dxc5
Nd7 9. b4 Nxb4 10. Bb5 Nc6 11. Bxc6 bxc6 12. Nd4 Nxc5 13. Ba3 Ne4 14. Nxc6 Qb6
15. Nd4 Bd7 16. Qd3 Rc8 17. Rc1 Qa5 18. Bb2 O-O 19. a4 Rb8 20. Qc2 Rfc8 21. Ra2
Nc5 22. Qe2 Nxa4 23. Nd2 Qb6 24. Ba1 Qc7 25. Qd1 Nc5 26. Qe2 Na4 27. c4 Qb6 28.
Rac2 Qa6 29. N4b3 dxc4 30. Bxg7 Kxg7 31. Nd4 Nb6 32. Ne4 Qa3 33. Rc3 Qe7 34.
Rd1 e5 35. f5 gxf5 36. Ng3 exd4 37. Rxd4 Be6 38. Qh5 Qf6 39. Rc1 Nd5 40. Rxd5
Bxd5 41. Nxf5+ Kf8 42. Qxh7 Be4 43. Rf1 Rb1 44. g4 Rxf1+ 45. Kxf1 Bxf5 46. gxf5
c3 0-1

[Event "Landesklasse West 2013/2014"]
[Site "?"]
[Date "2014.02.02"]
[Round "6"]
[White "Schmidt, Heinz-Jürgen"]
[Black "Ulbricht, Olaf"]
[Result "0-1"]
[WhiteElo "1386"]
[BlackElo "1605"]
[PlyCount "82"]
[EventDate "2014.??.??"]
[WhiteTeam "SC 51 Nordhausen"]
[BlackTeam "SV Wartburgstadt Eisenach"]

1. c4 Nf6 2. Nc3 g6 3. g3 Bg7 4. Bg2 O-O 5. Nf3 c6 6. O-O e6 7. e3 d5 8. cxd5
exd5 9. d4 Bg4 10. Qb3 Qc7 11. Ne5 Be6 12. Bd2 Nbd7 13. Nxd7 Nxd7 14. Qd1 Nb6
15. b3 Rad8 16. Rc1 Qd7 17. Ne2 Bg4 18. Qe1 Rfe8 19. Bc3 Nc8 20. Ba1 Nd6 21.
Nc3 Bxd4 22. Qd2 Bg7 23. Rfe1 Re7 24. Bb2 Bh3 25. Bh1 Ne4 26. Nxe4 Bxb2 27.
Qxb2 dxe4 28. Qc2 f5 29. Red1 Qc7 30. Rxd8+ Qxd8 31. Rd1 Rd7 32. Qc4+ Kg7 33.
Rxd7+ Qxd7 34. Qd4+ Qxd4 35. exd4 Kf6 36. Bg2 Bg4 37. Kf1 Ke6 38. Ke1 Kd5 39.
Kd2 Kxd4 40. Bf1 g5 41. Bc4 f4 0-1

[Event "Landesklasse West 2013/2014"]
[Site "?"]
[Date "2014.02.02"]
[Round "6"]
[White "Hoppe, Hans-Jörg"]
[Black "Curea, Virgil"]
[Result "1-0"]
[WhiteElo "1525"]
[BlackElo "1497"]
[PlyCount "115"]
[EventDate "2014.??.??"]
[WhiteTeam "SV Wartburgstadt Eisenach"]
[BlackTeam "SC 51 Nordhausen"]

1. c4 c5 2. Nc3 a6 3. g3 e6 4. Bg2 Qc7 5. e3 Nc6 6. Nge2 Nf6 7. d4 cxd4 8. exd4
Bb4 9. O-O Be7 10. Bf4 Bd6 11. Bg5 Be7 12. Rc1 b6 13. a3 Bb7 14. b4 h5 15. c5
b5 16. Nf4 Ng4 17. Bxe7 Nxe7 18. d5 Qd8 19. Nxh5 Nxh2 20. Nxg7+ Kf8 21. Nh5
Nxf1 22. Kxf1 Nf5 23. Qg4 Rg8 24. Qf4 Qg5 25. Qxg5 Rxg5 26. Nf6 Ke7 27. d6+
Kxf6 28. Ne4+ Bxe4 29. Bxe4 Nd4 30. Bxa8 Re5 31. Bb7 Rh5 32. Kg2 e5 33. c6 dxc6
34. Bxc6 Ke6 35. Be8 Kxd6 36. Bxf7 Rf5 37. Bg6 Rf6 38. Be4 Rh6 39. Rh1 Rf6 40.
Bb7 Kc7 41. Rh7+ Kb6 42. Be4 a5 43. bxa5+ Kxa5 44. Re7 Re6 45. Rxe6 Nxe6 46. g4
Ka4 47. Bc6 Nd4 48. Be8 Kxa3 49. g5 Ne6 50. g6 b4 51. Bf7 Ng7 52. Kf3 b3 53.
Bxb3 Kxb3 54. Ke4 Kc4 55. Kxe5 Kc5 56. f4 Kc6 57. f5 Kd7 58. f6 1-0

[Event "Landesklasse West 2013/2014"]
[Site "?"]
[Date "2014.02.02"]
[Round "6"]
[White "Wauer, Klaus"]
[Black "Becker, Walter"]
[Result "1-0"]
[WhiteElo "1427"]
[BlackElo "1437"]
[PlyCount "82"]
[EventDate "2014.??.??"]
[WhiteTeam "SC 51 Nordhausen"]
[BlackTeam "SV Wartburgstadt Eisenach"]

1. e4 e5 2. Nf3 Nc6 3. Bc4 Nf6 4. Ng5 d5 5. exd5 Nxd5 6. d4 Be7 7. Nxf7 Kxf7 8.
Qf3+ Ke8 9. Bxd5 Bf6 10. Bxc6+ bxc6 11. dxe5 Be7 12. O-O Qd5 13. Nd2 h5 14. c4
Qe6 15. Qe4 Bb7 16. Qe2 Rd8 17. Nf3 c5 18. Ng5 Qc6 19. f3 Qg6 20. Ne4 Qf5 21.
Nc3 Bc8 22. Nb5 Kf7 23. Nxc7 Rhf8 24. Nd5 Rde8 25. Nc7 Rd8 26. Nd5 Rde8 27.
Nxe7 Rxe7 28. f4 Kg8 29. Be3 Re6 30. Bxc5 Rf7 31. Bd6 Bb7 32. Rad1 Rg6 33. Rf2
Qh3 34. Rd3 Qf5 35. Qf1 Qe4 36. Rg3 Rxg3 37. hxg3 Qe3 38. f5 h4 39. e6 Rf6 40.
Qe2 Qc1+ 41. Kh2 h3 1-0

[Event "Landesklasse West 2013/2014"]
[Site "?"]
[Date "2014.02.02"]
[Round "6"]
[White "Krüger, Karsten"]
[Black "Katzner, Andreas"]
[Result "1/2-1/2"]
[WhiteElo "1242"]
[BlackElo "1583"]
[PlyCount "49"]
[EventDate "2014.??.??"]
[WhiteTeam "Schachverein Stützerbach"]
[BlackTeam "SV Gernrode 1887"]

1. e4 e6 2. d4 d5 3. exd5 exd5 4. Qe2+ Qe7 5. Qxe7+ Bxe7 6. Nf3 Bf5 7. Nc3 c6
8. Bd3 Bxd3 9. cxd3 Nf6 10. Bg5 O-O 11. O-O h6 12. Rae1 Bd6 13. Bxf6 gxf6 14.
Re2 Na6 15. a3 Nc7 16. Rfe1 Ne6 17. g3 Kh7 18. Rc1 f5 19. b4 f4 20. Kh1 Rg8 21.
Rg1 fxg3 22. fxg3 Rg4 23. Rf1 Kg7 24. Ne5 Bxe5 25. dxe5 1/2-1/2

[Event "Landesklasse West 2013/2014"]
[Site "?"]
[Date "2014.02.02"]
[Round "6"]
[White "Wiederhold, Frank"]
[Black "Latussek, Paul"]
[Result "1/2-1/2"]
[WhiteElo "1706"]
[BlackElo "1448"]
[PlyCount "54"]
[EventDate "2014.??.??"]
[WhiteTeam "SV Gernrode 1887"]
[BlackTeam "Schachverein Stützerbach"]

1. d4 f5 2. c4 Nf6 3. Nc3 e6 4. Nf3 Be7 5. e3 O-O 6. Bd3 d6 7. O-O a6 8. b4 Bd7
9. Qb3 Nc6 10. Bb2 h6 11. a4 b6 12. b5 Na5 13. Qc2 Nb7 14. e4 fxe4 15. Nxe4
axb5 16. axb5 Rxa1 17. Rxa1 c5 18. bxc6 Bxc6 19. h3 d5 20. Nxf6+ Bxf6 21. Ne5
Bxe5 22. dxe5 Nc5 23. Bh7+ Kh8 24. Ra7 Ne4 25. cxd5 Qxd5 26. Bxe4 Qxe4 27. Qxe4
Bxe4 1/2-1/2

[Event "Landesklasse West 2013/2014"]
[Site "?"]
[Date "2014.02.02"]
[Round "6"]
[White "Löhn, Marko"]
[Black "Brodmann, Michael"]
[Result "0-1"]
[WhiteElo "1564"]
[BlackElo "1718"]
[PlyCount "86"]
[EventDate "2014.??.??"]
[WhiteTeam "Schachverein Stützerbach"]
[BlackTeam "SV Gernrode 1887"]

1. e4 c6 2. d4 d5 3. Nc3 dxe4 4. f3 exf3 5. Nxf3 Bg4 6. Bc4 e6 7. O-O Nd7 8.
Be3 Ngf6 9. Qe1 Qc7 10. Ne2 Bd6 11. h3 Bf5 12. c3 O-O 13. Nd2 Nb6 14. Bb3 Bd3
15. Rf3 Bg6 16. Bf4 Nbd5 17. Bxd6 Qxd6 18. c4 Ne7 19. Qf2 Rad8 20. Rd1 a6 21.
Rf4 Qc7 22. Ng3 Nf5 23. Nge4 Nxe4 24. Nxe4 Nxd4 25. Nf6+ gxf6 26. Rfxd4 Rxd4
27. Qxd4 e5 28. Qg4 Rd8 29. Rf1 Qe7 30. h4 h5 31. Qe2 Rd4 32. g3 Kg7 33. Bd1
Qd7 34. Qf3 Qd6 35. Be2 Rd2 36. g4 Qd4+ 37. Rf2 hxg4 38. Qxf6+ Kg8 39. Kf1 Qe4
40. Kg1 Qe3 41. Bxg4 Qg3+ 42. Kf1 Rxf2+ 43. Qxf2 Qxg4 0-1

[Event "Landesklasse West 2013/2014"]
[Site "?"]
[Date "2014.02.02"]
[Round "6"]
[White "Brodmann, Peter"]
[Black "Klesser, Robert"]
[Result "0-1"]
[WhiteElo "1688"]
[BlackElo "1812"]
[PlyCount "94"]
[EventDate "2014.??.??"]
[WhiteTeam "SV Gernrode 1887"]
[BlackTeam "Schachverein Stützerbach"]

1. d4 Nf6 2. Nf3 e6 3. c4 b6 4. Nc3 Bb7 5. Bg5 Be7 6. e3 O-O 7. Be2 d5 8. O-O
h6 9. Bh4 Nbd7 10. a3 c5 11. Rc1 Rc8 12. cxd5 Nxd5 13. Bxe7 Qxe7 14. Nxd5 Bxd5
15. Rc3 cxd4 16. Qxd4 Nc5 17. Nd2 Rfd8 18. Qg4 Bxg2 19. Rd1 Bb7 20. b4 Na4 21.
Rxc8 Rxc8 22. Bf3 Nc3 23. Bxb7 Qxb7 24. Re1 Qd5 25. Nf3 Rc4 26. Qg2 Qh5 27. h3
Nd5 28. Kh2 Rc3 29. Rg1 g6 30. Ra1 Rc2 31. Re1 Ra2 32. e4 Nf4 33. Qg3 Nxh3 34.
Kg2 Rxf2+ 35. Qxf2 Nxf2 36. Kxf2 g5 37. Rg1 g4 38. Ne1 Qh4+ 39. Rg3 f5 40. exf5
exf5 41. Ng2 Qh2 42. a4 h5 43. Rd3 f4 44. Rd8+ Kf7 45. Kf1 f3 46. Rd7+ Ke6 47.
Rd2 g3 0-1

[Event "Landesklasse West 2013/2014"]
[Site "?"]
[Date "2014.02.02"]
[Round "6"]
[White "Handschuh, Franz"]
[Black "Herzberg, Ägidius"]
[Result "1-0"]
[WhiteElo "1807"]
[BlackElo "1552"]
[PlyCount "103"]
[EventDate "2014.??.??"]
[WhiteTeam "Schachverein Stützerbach"]
[BlackTeam "SV Gernrode 1887"]

1. e4 c5 2. b4 cxb4 3. a3 e6 4. axb4 Bxb4 5. c3 Be7 6. d4 Nf6 7. Bd3 Nc6 8. Nf3
Qc7 9. O-O a6 10. Qc2 d6 11. Na3 Rb8 12. Bd2 Bd7 13. Rfb1 O-O 14. c4 g6 15. d5
Na7 16. Be3 b6 17. Qb2 Nc8 18. Nc2 Ng4 19. Bd4 e5 20. Bc3 Qc5 21. Nb4 a5 22.
Na6 Qxf2+ 23. Qxf2 Nxf2 24. Kxf2 Ra8 25. Nc7 Ra7 26. Nb5 Ra8 27. Bd2 f5 28. Bh6
Rf7 29. Ke2 f4 30. Bg5 Rb8 31. Bxe7 Rxe7 32. Nc3 Ra8 33. Bc2 h6 34. Ba4 g5 35.
Bxd7 Rxd7 36. h3 Rc7 37. Kd3 Kg7 38. Nb5 Rd7 39. Nd2 h5 40. Rb2 Kf6 41. Rf1 Rb8
42. Nf3 g4 43. hxg4 hxg4 44. Nh4 Ne7 45. g3 f3 46. Nc3 Rdb7 47. Rfb1 Kg5 48.
Na4 Nc8 49. Nf5 Kf6 50. Nc3 Kf7 51. Nb5 Rd7 52. Rh1 1-0

[Event "Landesklasse West 2013/2014"]
[Site "?"]
[Date "2014.02.02"]
[Round "6"]
[White "Lath, Vinzent"]
[Black "Brehme, Stefan"]
[Result "0-1"]
[WhiteElo "1606"]
[BlackElo "1775"]
[PlyCount "62"]
[EventDate "2014.??.??"]
[WhiteTeam "SV Gernrode 1887"]
[BlackTeam "Schachverein Stützerbach"]

1. d4 Nf6 2. c4 e6 3. Nc3 d5 4. Bg5 Be7 5. e3 O-O 6. Nf3 b6 7. Rc1 Bb7 8. Be2
Nbd7 9. O-O c5 10. Bf4 a6 11. Ne5 Nxe5 12. Bxe5 dxc4 13. Bxc4 b5 14. Be2 Nd7
15. Bg3 Rc8 16. dxc5 Nxc5 17. b4 Ne4 18. Nxe4 Bxe4 19. a3 Bf6 20. Qb3 Qd2 21.
Qd1 Qb2 22. f3 Bc2 23. Qd7 Qxa3 24. Qa7 Bb2 25. Rce1 Bc3 26. Bd6 Rfd8 27. Bc7
Rd7 28. Bxb5 Rdxc7 29. Qxa6 Qxb4 30. Bd7 Rf8 31. Rc1 Bd2 0-1

[Event "Landesklasse West 2013/2014"]
[Site "?"]
[Date "2014.02.02"]
[Round "6"]
[White "Mages, Horst"]
[Black "Lath, Siegfried"]
[Result "1/2-1/2"]
[WhiteElo "1713"]
[BlackElo "1643"]
[PlyCount "82"]
[EventDate "2014.??.??"]
[WhiteTeam "Schachverein Stützerbach"]
[BlackTeam "SV Gernrode 1887"]

1. d4 Nf6 2. Nf3 g6 3. g3 Bg7 4. Bg2 O-O 5. O-O d5 6. Nbd2 Nbd7 7. c4 c6 8. b3
Re8 9. Bb2 dxc4 10. Nxc4 Ne4 11. Nfe5 Nxe5 12. dxe5 Nc5 13. Rc1 Be6 14. Qxd8
Raxd8 15. Rfd1 Bxc4 16. bxc4 e6 17. f4 Bf8 18. Rb1 Na4 19. Ba1 Bc5+ 20. Kf1 Kf8
21. Be4 Nb6 22. Ke1 Rxd1+ 23. Rxd1 Nxc4 24. Rd7 Rb8 25. g4 Ke8 26. Rxb7 Rc8 27.
f5 exf5 28. gxf5 Bb6 29. fxg6 hxg6 30. Bc3 Na5 31. Bxa5 Bxa5+ 32. Kf2 Bb6+ 33.
Kf3 c5 34. e6 Rc7 35. exf7+ Kxf7 36. Rxc7+ Bxc7 37. h3 Kf6 38. Bd3 g5 39. Ke4
Ke7 40. Kd5 Bb6 41. e4 Kd7 1/2-1/2

[Event "Landesklasse West 2013/2014"]
[Site "?"]
[Date "2014.02.02"]
[Round "6"]
[White "Lubojanski, Stephan"]
[Black "Licht, Ralph"]
[Result "0-1"]
[WhiteElo "1599"]
[BlackElo "1638"]
[PlyCount "84"]
[EventDate "2014.??.??"]
[WhiteTeam "SV Gernrode 1887"]
[BlackTeam "Schachverein Stützerbach"]

1. e4 d5 2. e5 e6 3. d4 c5 4. c3 Nc6 5. Nf3 Qb6 6. Be2 Nge7 7. O-O cxd4 8. cxd4
Nf5 9. Nc3 Nfxd4 10. Nxd4 Nxd4 11. Na4 Nxe2+ 12. Qxe2 Qa5 13. Nc3 Bd7 14. Rd1
g6 15. h4 h5 16. a3 Be7 17. g3 Rc8 18. Rd4 b5 19. Bd2 Qb6 20. Rf4 Rc4 21. Rf3
b4 22. axb4 Bxb4 23. Bg5 Be7 24. Bxe7 Kxe7 25. Qd2 Qb8 26. Qg5+ Ke8 27. Ra3 Rc7
28. Rxf7 Kxf7 29. Qf6+ Kg8 30. Qxg6+ Kf8 31. Nxd5 Be8 32. Qf6+ Kg8 33. Ne7+
Rxe7 34. Qxe7 Rh7 35. Qxe6+ Rf7 36. Rd3 Qxb2 37. Qxe8+ Kg7 38. f4 Qb1+ 39. Kg2
Qxd3 40. e6 Qe2+ 41. Kh3 Qf1+ 42. Kh2 Rb7 0-1

[Event "Landesklasse West 2013/2014"]
[Site "?"]
[Date "2014.02.02"]
[Round "6"]
[White "Wegerich, Michael"]
[Black "Klingler, Lutz"]
[Result "1/2-1/2"]
[WhiteElo "1990"]
[BlackElo "1974"]
[PlyCount "102"]
[EventDate "2014.??.??"]
[WhiteTeam "SV Ammern"]
[BlackTeam "SV Schmalkalden 04"]

1. e4 c6 2. d4 d5 3. exd5 cxd5 4. c4 Nf6 5. Nc3 Nc6 6. Nf3 Bg4 7. cxd5 Nxd5 8.
Qb3 Bxf3 9. gxf3 Nxc3 10. bxc3 Qc7 11. d5 Ne5 12. Bb5+ Kd8 13. Be2 Rc8 14. Bd2
Nd7 15. d6 exd6 16. Qxf7 Nf6 17. Qb3 d5 18. Rb1 Rb8 19. Bg5 Be7 20. Bxf6 Bxf6
21. Qxd5+ Qd7 22. Qb3 Ke7 23. O-O Be5 24. Rbd1 Qf5 25. Qb4+ Kf6 26. Rfe1 Rbd8
27. Qh4+ g5 28. Qh6+ Qg6 29. Qh3 Qf5 30. Qxf5+ Kxf5 31. Bd3+ Kf6 32. c4 b6 33.
Be4 h6 34. Bd5 Rd6 35. Re4 Rhd8 36. Rde1 Bf4 37. Re6+ Rxe6 38. Rxe6+ Kf5 39.
Rxh6 Rd6 40. Rh7 a5 41. h4 gxh4 42. Rxh4 Rg6+ 43. Kf1 Rh6 44. Rg4 Rh1+ 45. Kg2
Rh2+ 46. Kg1 Rh6 47. Be4+ Ke5 48. Rg8 Kd4 49. Rf8 Bd6 50. Rc8 Bc5 51. Bd5 b5
1/2-1/2

[Event "Landesklasse West 2013/2014"]
[Site "?"]
[Date "2014.02.02"]
[Round "6"]
[White "Lesser, Thomas"]
[Black "Schorch, Rüdiger"]
[Result "1/2-1/2"]
[WhiteElo "1855"]
[BlackElo "1837"]
[PlyCount "132"]
[EventDate "2014.??.??"]
[WhiteTeam "SV Schmalkalden 04"]
[BlackTeam "SV Ammern"]

1. e4 c5 2. c3 g6 3. d4 cxd4 4. cxd4 Bg7 5. Nf3 d5 6. e5 Nc6 7. Nc3 Nh6 8. h3
O-O 9. Qb3 e6 10. Bg5 Qa5 11. g4 Kh8 12. Bf6 Ng8 13. g5 Nge7 14. O-O-O Nf5 15.
h4 h5 16. gxh6 Bxf6 17. exf6 Qd8 18. Bh3 Qxf6 19. Bxf5 Qxf5 20. Ne2 Bd7 21. Ng3
Qf4+ 22. Qe3 Qxe3+ 23. fxe3 f6 24. e4 dxe4 25. Nxe4 Nb4 26. Kb1 Bc6 27. Rhe1
Bd5 28. b3 Rac8 29. Rd2 Kh7 30. Re3 Kxh6 31. Nc5 e5 32. Ne4 exd4 33. Nxd4 Rce8
34. Nxf6 Rxe3 35. Ng4+ Kh5 36. Nxe3 Be4+ 37. Kb2 Nd3+ 38. Kc3 Rc8+ 39. Nc4 Ne5
40. Nb5 Nxc4 41. bxc4 Ra8 42. Rd7 Kxh4 43. Rd4 g5 44. Rxe4+ g4 45. Nd4 Kh3 46.
Ne2 Rc8 47. Kb4 Rd8 48. Re3+ Kg2 49. Ng3 Rf8 50. Ne4 Rf4 51. Kc5 Kh2 52. Kd5
Rf7 53. c5 Rd7+ 54. Kc4 Re7 55. Kd4 g3 56. Rxg3 Rxe4+ 57. Kxe4 Kxg3 58. a4 Kg4
59. a5 a6 60. Ke5 Kf3 61. Kd6 Ke4 62. c6 bxc6 63. Kxc6 Ke5 64. Kb6 Kd6 65. Kxa6
Kc7 66. Ka7 Kc6 1/2-1/2